000 01122nam a2200301 i 4500
999 _c49093
_d49093
001 49093
003 ES-MaCES
005 20210721182332.0
007 cr |||||||||||
008 170221s2017 ssp |||| |||| o0|||| spa|
040 _aES-MaCES
_bspa
_cES-MaCES
245 0 0 _aInforme 01-2017, políticas públicas para combatir la pobreza en España
300 _a192, [1] p. (832 kb)
_bgráf. col.
593 _cRelaciones Laborales, Empleo y Seguridad Social
_iI-001-2017
_f20170125
_rOrdinaria
_sPleno ordinario
_vPresentes (47) : (45) sí, (0) no, (2) abst.
650 4 _apobreza
_927112
650 4 _alucha contra la pobreza
_930648
650 4 _aintegración social
_927283
650 4 _apolítica gubernamental
_927211
650 4 _aprotección social
_929076
650 4 _aasistencia social
_929003
650 4 _aEspaña
_926964
653 1 0 _aAsuntos Sociales
700 1 _911755
_aFernández Alen, Pedro C.
_eponente
710 2 _92408
_aConsejo Económico y Social (España)
_esolicitante
856 4 _uhttp://www.ces.es/documents/INF/2017/01
_ytexto completo
902 _aInforme
942 _2CES
_cDI
_h3.3.